Story of The Elder Scrolls V: Skyrim - Statistics

General Stats
  • This quiz has been taken 415 times
    401 since last reset
  • The average score is 24 of 40
Answer Stats
Hint Answer % Correct
Town that's attacked by a dragon at the beginning of the game Helgen
97%
City where you report the dragon attacks Whiterun
96%
Name of the dragon that attacks Alduin
90%
Monks that call you up to a temple in the mountains Greybeards
88%
First shout of the game that can be found in the above location Unrelenting Force
88%
Town that those two live in Riverwood
87%
Organization that she belongs to The Blades
83%
Item that you must recover for that city's court wizard Dragonstone
80%
Person you discover you are after fighting that dragon Dragonborn
79%
One of the two people you can escape Helgen with Ralof/Hadvar
79%
The name of that temple High Hrothgar
77%
Name of the woman that steals the item Delphine
76%
Where you find the above item Bleak Falls Barrow
73%
Where the leader of the Greybeards lives Throat of the World
73%
Location that the woman wants you to infiltrate Thalmor Embassy
72%
The item they ask you to retrieve Horn of JurgenWindcaller
69%
Name of their leader Paarthurnax
69%
Shout the monks teach you in order to help retrieve the item Whirlwind Sprint
69%
Man from the woman's organization who is discovered to be alive via a dossier Esbern
65%
Shout needed to reach this location Clear Skies
62%
Name of the shout that's required to defeat the dragon from the beginning of the game Dragonrend
62%
Castle in which you must capture this dragon Dragonsreach
61%
What you must retrieve to learn the shout Elder Scroll (Dragon)
61%
Location in which the old man resides Riften/Ratways
61%
Realm in which you travel to truly kill the first dragon Sovngarde
58%
Name of the dragon that you must catch in a castle Odahviing
52%
Town where you fight another dragon Kynesgrove
47%
The location where you eventually find the item Tower of Mzark/Blackreach
45%
Guard of this hall that you must defeat to gain entry Tsun
43%
Temple that he leads you and the woman to Sky Haven Temple
42%
Name of the dragon that you fight following the retrieval of the item Mirmulnir
39%
Wood elf that helps with the break in Malborn
36%
Location in which you find that item Ustengrav
31%
Ruins that this dragon flys you to once tamed Skuldafn
29%
Name of the dragon that you fight in that town Sahloknir
24%
Hall that you can find many nordic heroes in Hall of Valor
23%
Dragon priest you fight at these ruins Nahkriin
21%
Name one of the 3 warriors that "defeated" the first dragon Hakon One-Eye/Gormlaith Golden-Hilt/Felldir the Old
19%
Shout given from hall guard Call of Valor
17%
Where you go to discover the item's location Septimus Signus' Outpost
13%
No matching quizzes found
Score Distribution
Percent of People with Each Score
Percentile by Number Answered
Your Score History
You have not taken this quiz since the last reset